<?xml version="1.0" encoding="UTF-8"?>
<collection xmlns="http://www.loc.gov/MARC21/slim">
    <record>
        <controlfield tag="001">9249</controlfield>
        <controlfield tag="005">20150325140132.0</controlfield>
        <datafield tag="037" ind1=" " ind2=" ">
            <subfield code="a">TAZ-TFG-2012-699</subfield>
        </datafield>
        <datafield tag="041" ind1=" " ind2=" ">
            <subfield code="a">spa</subfield>
        </datafield>
        <datafield tag="100" ind1="1" ind2=" ">
            <subfield code="a">Castán Francisco, Clara</subfield>
        </datafield>
        <datafield tag="245" ind1="0" ind2="0">
            <subfield code="a">Aproximación a la ética periodística en la ficción cinematográfica</subfield>
        </datafield>
        <datafield tag="260" ind1=" " ind2=" ">
            <subfield code="a">Zaragoza</subfield>
            <subfield code="b">Universidad de Zaragoza</subfield>
            <subfield code="c">2012</subfield>
        </datafield>
        <datafield tag="506" ind1=" " ind2=" ">
            <subfield code="a">by-nc-sa</subfield>
            <subfield code="b">Creative Commons</subfield>
            <subfield code="c">3.0</subfield>
            <subfield code="u">http://creativecommons.org/licenses/by-nc-sa/3.0/</subfield>
        </datafield>
        <datafield tag="520" ind1=" " ind2=" ">
            <subfield code="a">Clara Castán Francisco Trabajo Fin de Grado Aproximación a la ética periodística en la ficción cinematográfica RESUMEN 	 	El cine parte de la ficción para contar una historia y, como medio de comunicación, la ficción cinematográfica afecta a la percepción que el espectador tiene de su entorno. La imaginería cinematográfica termina por formar parte de la cultura y la ficción se convierte en algo real. Por ello, la imagen de los periodistas en el cine influye, en buena medida, en la percepción que la sociedad tiene de la profesión.  	El séptimo arte ha recurrido en numerosas ocasiones a la figura del periodista para contar sus historias. Esto puede ser debido a que esta profesión ofrece un interesante punto de partida para desentrañar un misterio, informar o proponer un dilema moral al espectador. El presente trabajo pretende profundizar en la representación del comportamiento ético del periodista en la ficción cinematográfica y ofrecer una interpretación plausible del mismo. Para lograrlo, se analizarán los comportamientos éticos destacables dentro de cuatro largometrajes norteamericanos emblemáticos en sus respectivas épocas: la época clásica de Hollywood y el cine actual (2000-2010). Palabras clave: periodismo, cine, ética y deontología periodística.</subfield>
        </datafield>
        <datafield tag="521" ind1=" " ind2=" ">
            <subfield code="a">Graduado en Periodismo</subfield>
        </datafield>
        <datafield tag="540" ind1=" " ind2=" ">
            <subfield code="a">Derechos regulados por licencia Creative Commons</subfield>
        </datafield>
        <datafield tag="653" ind1="1" ind2=" ">
            <subfield code="a">periodismo</subfield>
        </datafield>
        <datafield tag="653" ind1="1" ind2=" ">
            <subfield code="a">cine</subfield>
        </datafield>
        <datafield tag="653" ind1="1" ind2=" ">
            <subfield code="a">ética y deontología periodística</subfield>
        </datafield>
        <datafield tag="700" ind1=" " ind2=" ">
            <subfield code="a">Gobantes Bilbao, Maite</subfield>
            <subfield code="e">dir.</subfield>
        </datafield>
        <datafield tag="710" ind1="2" ind2=" ">
            <subfield code="a">Universidad de Zaragoza</subfield>
            <subfield code="b">Lingüística General e Hispánica</subfield>
            <subfield code="c">Periodismo</subfield>
        </datafield>
        <datafield tag="856" ind1="0" ind2=" ">
            <subfield code="f">589246@celes.unizar.es</subfield>
        </datafield>
        <datafield tag="856" ind1="4" ind2=" ">
            <subfield code="s">856663</subfield>
            <subfield code="u">http://zaguan.unizar.es/record/9249/files/TAZ-TFG-2012-699.pdf</subfield>
            <subfield code="y">Memoria (spa)</subfield>
        </datafield>
        <datafield tag="909" ind1="C" ind2="O">
            <subfield code="o">oai:zaguan.unizar.es:9249</subfield>
            <subfield code="p">trabajos-fin-grado</subfield>
            <subfield code="p">driver</subfield>
        </datafield>
        <datafield tag="950" ind1=" " ind2=" ">
            <subfield code="a"></subfield>
        </datafield>
        <datafield tag="980" ind1=" " ind2=" ">
            <subfield code="a">TAZ</subfield>
            <subfield code="b">TFG</subfield>
            <subfield code="c">FFYL</subfield>
        </datafield>
    </record>

    
</collection>